[Event "Mittelrhein Regionalliga 1718"]
[Site "Nordrheinwestfalen"]
[Date "2018.02.25"]
[Round "7.4"]
[White "Esser, Michael"]
[Black "Fuhrmann, Max"]
[Result "1/2-1/2"]
[WhiteElo "2046"]
[BlackElo "2078"]
[PlyCount "58"]
[EventDate "2017.09.10"]
[EventType "team-tourn"]
[EventRounds "9"]
[EventCountry "GER"]
[SourceTitle "EXT 2022"]
[Source "ChessBase"]
[SourceDate "2021.10.06"]
[SourceVersion "1"]
[SourceVersionDate "2021.10.06"]
[SourceQuality "1"]
[WhiteTeam "Leverkusen SC Bayer"]
[BlackTeam "Klub Koelner SF II"]
[WhiteTeamCountry "GER"]
[BlackTeamCountry "GER"]

1. e4 c6 2. c4 d5 3. exd5 cxd5 4. cxd5 Nf6 5. Bb5+ Nbd7 6. Nc3 a6 7. Qa4 Rb8 8. Bxd7+ Bxd7 9. Qf4 g6 10. Nf3 Bg7 11. d6 0-0 12. dxe7 Qxe7+ 13. Qe3 Qd6 14. 0-0 Bc6 15. d4 Rbd8 16. Rd1 Nd5 17. Qg5 Qb4 18. Qd2 Nc7 19. Ne2 Qb6 20. Qc3 Nb5 21. Qb3 Bd5 22. Qd3 Bxf3 23. Qxf3 Nxd4 24. Nxd4 Bxd4 25. Bg5 Rd7 26. Rab1 f6 27. Be3 Rfd8 28. Bxd4 Rxd4 29. Rxd4 Rxd4 1/2-1/2

[Event "Landesliga Nord 1314"]
[Site "Bayern"]
[Date "2014.03.16"]
[Round "8.4"]
[White "Fuhrmann, Max"]
[Black "Rein, Iwan"]
[Result "1-0"]
[WhiteElo "2130"]
[BlackElo "2164"]
[PlyCount "59"]
[EventDate "2013.10.13"]
[EventType "team"]
[EventRounds "9"]
[EventCountry "GER"]
[SourceTitle "EXT 2015"]
[Source "ChessBase"]
[SourceDate "2014.11.20"]
[SourceVersion "1"]
[SourceVersionDate "2014.11.20"]
[SourceQuality "1"]
[WhiteTeam "Kelheim"]
[BlackTeam "Bindlach II"]
[WhiteTeamCountry "GER"]
[BlackTeamCountry "GER"]

1. e4 e6 2. d4 d5 3. Nc3 Nf6 4. Bg5 Be7 5. e5 Nfd7 6. Bxe7 Qxe7 7. f4 a6 8. Nf3 c5 9. Qd2 Nc6 10. h4 b5 11. Ne2 Bb7 12. c3 Nb6 13. b3 f6 14. Nc1 fxe5 15. fxe5 0-0-0 16. Nd3 Nd7 17. b4 cxb4 18. cxb4 Nb6 19. Nc5 Nc4 20. Qc3 Rhf8 21. Ng5 Rf4 22. Ngxe6 Nxd4 23. Nxf4 Qxe5+ 24. Ne2 Re8 25. Rh3 Qf6 26. Nb3 Rf8 27. 0-0-0 Qh6+ 28. Nd2 Rxf1 29. Nxd4 Rf2 30. Rf3 1-0

[Event "Nittenau-ch 12th"]
[Site "Nittenau"]
[Date "2012.09.15"]
[Round "2"]
[White "Fuhrmann, Max"]
[Black "Klimpel, Siegfried"]
[Result "1-0"]
[WhiteElo "2096"]
[BlackElo "1673"]
[PlyCount "55"]
[EventDate "2012.09.14"]
[EventType "swiss"]
[EventRounds "5"]
[EventCountry "GER"]
[SourceTitle "EXT 2022"]
[Source "ChessBase"]
[SourceDate "2021.10.06"]
[SourceVersion "1"]
[SourceVersionDate "2021.10.06"]
[SourceQuality "1"]

1. e4 e6 2. d4 d5 3. Nc3 dxe4 4. Nxe4 Bd7 5. Bd3 Bc6 6. Nf3 Nd7 7. Qe2 Be7 8. c4 Ngf6 9. Nc3 Bxf3 10. Qxf3 c6 11. 0-0 0-0 12. Re1 Re8 13. Bf4 Nf8 14. Rad1 Ng6 15. Bc1 Qc7 16. g3 Rad8 17. Bc2 Rd7 18. Bb3 a6 19. d5 cxd5 20. cxd5 e5 21. Bg5 Red8 22. h4 h6 23. Bxf6 Bxf6 24. Qg4 Nf8 25. Ne4 Nh7 26. Qf5 Kh8 27. Nxf6 gxf6 28. Bc2 1-0

[Event "Oberpfalz-ch M1"]
[Site "Burglengenfeld"]
[Date "2012.04.03"]
[Round "7"]
[White "Ott, Florian"]
[Black "Fuhrmann, Max"]
[Result "1/2-1/2"]
[WhiteElo "1953"]
[BlackElo "2158"]
[PlyCount "32"]
[EventDate "2012.03.31"]
[EventType "swiss"]
[EventRounds "8"]
[EventCountry "GER"]
[SourceTitle "EXT 2022"]
[Source "ChessBase"]
[SourceDate "2021.10.06"]
[SourceVersion "1"]
[SourceVersionDate "2021.10.06"]
[SourceQuality "1"]

1. d4 c6 2. c4 b5 3. cxb5 cxb5 4. Nf3 Bb7 5. e3 a6 6. Be2 e6 7. 0-0 Nf6 8. a4 b4 9. Nbd2 a5 10. Re1 Be7 11. Bd3 d5 12. b3 Nbd7 13. Bb2 Rc8 14. Rc1 0-0 15. Rxc8 Qxc8 16. Qb1 Qa8 1/2-1/2

[Event "Landesliga Nord 1112"]
[Site "Bayern"]
[Date "2011.11.20"]
[Round "3.3"]
[White "Fuhrmann, Max"]
[Black "Priborsky, Ivo"]
[Result "1/2-1/2"]
[WhiteElo "2096"]
[BlackElo "2239"]
[PlyCount "92"]
[EventDate "2011.10.02"]
[EventType "team-tourn"]
[EventRounds "9"]
[EventCountry "GER"]
[SourceTitle "EXT 2013"]
[Source "ChessBase"]
[SourceDate "2012.11.22"]
[SourceVersion "1"]
[SourceVersionDate "2012.11.22"]
[SourceQuality "1"]
[WhiteTeam "Kelheim"]
[BlackTeam "Bad Koetzting"]
[WhiteTeamCountry "GER"]
[BlackTeamCountry "GER"]

1. e4 c5 2. Nf3 d6 3. d4 cxd4 4. Nxd4 Nf6 5. Nc3 a6 6. Be2 e5 7. Nb3 Be7 8. Be3 Be6 9. Bf3 Nbd7 10. a4 0-0 11. 0-0 Rc8 12. Qd2 Qc7 13. Rad1 Rcd8 14. a5 Nc5 15. Nxc5 dxc5 16. Qe1 Rxd1 17. Nxd1 c4 18. Bb6 Qc6 19. Qc3 Nd7 20. Be3 Rd8 21. Qe1 Bc5 22. Qd2 Qc7 23. Qc3 Nf6 24. Bxc5 Qxc5 25. Ne3 Rd4 26. Rd1 Kf8 27. g3 Ke7 28. Kg2 g6 29. b4 Qd6 30. Qe1 Rxd1 31. Nxd1 Qd4 32. c3 Qd3 33. Nb2 Qc2 34. Nd1 Ne8 35. Qe3 Nd6 36. Qc5 Qd3 37. Qxe5 f6 38. Qc5 Bh3+ 39. Kxh3 Qxf3 40. Ne3 Qxe4 41. Qc7+ Ke6 42. Qxh7 Nf7 43. Qg8 Ke7 44. Qg7 Ke6 45. Qg8 Ke7 46. Qg7 Ke6 1/2-1/2

[Event "Oberpfalz-ch M1"]
[Site "Regensburg"]
[Date "2011.04.19"]
[Round "8"]
[White "Fuhrmann, Max"]
[Black "Giessmann, Stephan"]
[Result "1/2-1/2"]
[WhiteElo "2147"]
[BlackElo "2222"]
[PlyCount "26"]
[EventDate "2011.04.16"]
[EventType "swiss"]
[EventRounds "8"]
[EventCountry "GER"]
[SourceTitle "EXT 2022"]
[Source "ChessBase"]
[SourceDate "2021.10.06"]
[SourceVersion "1"]
[SourceVersionDate "2021.10.06"]
[SourceQuality "1"]

1. e4 e6 2. d4 d5 3. Nc3 dxe4 4. Nxe4 Nd7 5. Nf3 Ngf6 6. Bg5 h6 7. Bh4 Be7 8. Nxf6+ Bxf6 9. Bxf6 Nxf6 10. Bd3 0-0 11. 0-0 b6 12. Qe2 Bb7 13. c3 Qd5 1/2-1/2

[Event "Oberpfalz-ch M1"]
[Site "Regensburg"]
[Date "2011.04.17"]
[Round "4"]
[White "Fuhrmann, Max"]
[Black "Pohl Kuemmel, Jens Uwe"]
[Result "0-1"]
[WhiteElo "2147"]
[BlackElo "2290"]
[PlyCount "58"]
[EventDate "2011.04.16"]
[EventType "swiss"]
[EventRounds "8"]
[EventCountry "GER"]
[SourceTitle "EXT 2022"]
[Source "ChessBase"]
[SourceDate "2021.10.06"]
[SourceVersion "1"]
[SourceVersionDate "2021.10.06"]
[SourceQuality "1"]

1. e4 d6 2. d4 Nf6 3. Nc3 g6 4. f4 Bg7 5. Nf3 0-0 6. Be3 b6 7. Bc4 Bb7 8. e5 Ng4 9. Qd2 c5 10. 0-0 cxd4 11. Bxd4 dxe5 12. fxe5 Nc6 13. Rad1 Nxd4 14. Qxd4 Qxd4+ 15. Rxd4 Bxf3 16. gxf3 Nxe5 17. Re4 Nxc4 18. Rxc4 Rac8 19. Ra4 Bxc3 20. bxc3 Rxc3 21. Rxa7 Rxc2 22. Rxe7 Ra8 23. Rb7 Raxa2 24. Re1 Rg2+ 25. Kh1 Rxh2+ 26. Kg1 Rag2+ 27. Kf1 Rb2 28. Kg1 Rhg2+ 29. Kh1 Rgf2 0-1

[Event "Landesliga Nord 1011"]
[Site "Bayern"]
[Date "2011.03.20"]
[Round "8.3"]
[White "Seidens, Udo"]
[Black "Fuhrmann, Max"]
[Result "1-0"]
[WhiteElo "2172"]
[BlackElo "2081"]
[PlyCount "75"]
[EventDate "2010.10.10"]
[EventType "team-tourn"]
[EventRounds "9"]
[EventCountry "GER"]
[SourceTitle "EXT 2012"]
[Source "ChessBase"]
[SourceDate "2011.11.24"]
[SourceVersion "1"]
[SourceVersionDate "2011.11.24"]
[SourceQuality "1"]
[WhiteTeam "Schweinfurt"]
[BlackTeam "Kelheim"]
[WhiteTeamCountry "GER"]
[BlackTeamCountry "GER"]

1. c4 c6 2. g3 d5 3. Bg2 Nf6 4. Qc2 Bg4 5. h3 Bh5 6. Nf3 e6 7. 0-0 Bd6 8. d3 0-0 9. Nc3 Qe7 10. e4 dxe4 11. dxe4 Nbd7 12. Re1 Bxf3 13. Bxf3 e5 14. Bg2 Nc5 15. Na4 Nfd7 16. Be3 Nxa4 17. Qxa4 Nc5 18. Qd1 Ne6 19. Qg4 Bc5 20. Rad1 Rad8 21. b3 a5 22. h4 Rxd1 23. Rxd1 Rd8 24. Bh3 Bd4 25. Bg5 Nxg5 26. hxg5 Qa3 27. Qe2 a4 28. Rd3 Qc1+ 29. Kg2 axb3 30. Rxb3 b6 31. Rf3 Qxg5 32. a4 g6 33. c5 Bxc5 34. Qc4 Qe7 35. Rxf7 Rd4 36. Rxe7+ Rxc4 37. Be6+ Kf8 38. Rf7+ 1-0

[Event "Landesliga Nord 1011"]
[Site "Bayern"]
[Date "2011.02.27"]
[Round "7.2"]
[White "Fuhrmann, Max"]
[Black "Reis, Gerhard"]
[Result "1/2-1/2"]
[WhiteElo "2081"]
[BlackElo "2169"]
[PlyCount "89"]
[EventDate "2010.10.10"]
[EventType "team-tourn"]
[EventRounds "9"]
[EventCountry "GER"]
[SourceTitle "EXT 2012"]
[Source "ChessBase"]
[SourceDate "2011.11.24"]
[SourceVersion "1"]
[SourceVersionDate "2011.11.24"]
[SourceQuality "1"]
[WhiteTeam "Kelheim"]
[BlackTeam "Zirndorf"]
[WhiteTeamCountry "GER"]
[BlackTeamCountry "GER"]

1. e4 c5 2. Nf3 e6 3. d4 cxd4 4. Nxd4 Nf6 5. Nc3 Nc6 6. Ndb5 d6 7. Bf4 e5 8. Bg5 a6 9. Na3 b5 10. Nd5 Be7 11. Bxf6 Bxf6 12. c3 0-0 13. Nc2 Rb8 14. Be2 Bg5 15. Qd3 f5 16. Bf3 a5 17. Rd1 f4 18. Nxf4 Rxf4 19. Qd5+ Kh8 20. Qxc6 Rf6 21. Qd5 Be6 22. Qxd6 Qe8 23. Qxe5 Bf4 24. Qd4 Bxa2 25. Qd7 Bb3 26. Qxe8+ Rxe8 27. Nd4 Bxd1 28. Kxd1 b4 29. Ke2 bxc3 30. bxc3 Rb6 31. Ra1 Rb2+ 32. Kf1 Bd2 33. Rxa5 Bxc3 34. Rd5 Rd2 35. Ne2 Rxd5 36. exd5 Bb4 37. g3 Ra8 38. Nf4 Ra2 39. Nd3 Bd6 40. h4 Kg8 41. Be4 g6 42. Kg2 Kf7 43. Kf3 Kf6 44. Ke3 h6 45. Kd4 1/2-1/2

[Event "GER-chT U20"]
[Site "Osnabrueck"]
[Date "2010.12.29"]
[Round "5.1"]
[White "Rafayevych, Vilen"]
[Black "Fuhrmann, Max"]
[Result "1/2-1/2"]
[WhiteElo "2021"]
[BlackElo "2067"]
[PlyCount "79"]
[EventDate "2010.12.27"]
[EventType "team-swiss"]
[EventRounds "7"]
[EventCountry "GER"]
[SourceTitle "CBM 140 Extra"]
[Source "ChessBase"]
[SourceDate "2011.03.01"]
[SourceVersion "1"]
[SourceVersionDate "2011.03.01"]
[SourceQuality "1"]
[WhiteTeam "Magdeburg Aufbau Elbe"]
[BlackTeam "Kelheim"]
[WhiteTeamCountry "GER"]
[BlackTeamCountry "GER"]

1. d4 Nf6 2. c4 c6 3. Nc3 d5 4. Bg5 e6 5. e3 Nbd7 6. cxd5 exd5 7. Bd3 Bd6 8. Nf3 0-0 9. 0-0 Re8 10. Qc2 Nf8 11. h3 g6 12. Bh4 Be7 13. Ne5 Nh5 14. Bxe7 Qxe7 15. Ne2 f6 16. Nf3 Be6 17. Rab1 Ng7 18. Ng3 Bf7 19. b4 a6 20. a4 g5 21. b5 axb5 22. axb5 Rac8 23. bxc6 bxc6 24. Rfc1 Qd8 25. Rb3 Bg6 26. Rc3 Bxd3 27. Qxd3 Re6 28. h4 h6 29. Nh2 h5 30. Nf3 g4 31. Nd2 Qe8 32. Nb3 Ng6 33. Nf5 Nxf5 34. Qxf5 Nxh4 35. Qxd5 cxd5 36. Rxc8 Nf5 37. Rxe8+ Rxe8 38. Rc7 g3 39. Rc2 Kf7 40. Re2 1/2-1/2